Disney's Encanto Family Members - Statistics

General Stats
  • This quiz has been taken 1,119 times
    249 since last reset
  • The average score is 8 of 13
Answer Stats
Role Name % Correct
Protagonist Mirabel
94%
Bruno
85%
Pepa
73%
Isabela
72%
Sisters Luisa
71%
Triplets Julieta
62%
Cousins Dolores
61%
Antonio
57%
Camilo
55%
Felix
54%
Grandma Alma
52%
Grandpa Pedro
48%
In-Laws Agustín
38%
No matching quizzes found
Score Distribution
Percent of People with Each Score
Percentile by Number Answered
Your Score History
You have not taken this quiz since the last reset